A curve in the hills: communication and development (Record no. 385238)

000 -LEADER
fixed length control field 00503cam a22001457a 4500
008 - FIXED-LENGTH DATA ELEMENTS--GENERAL INFORMATION
fixed length control field 180718b1997 xxu||||| |||| 00| 0 eng d
020 ## - INTERNATIONAL STANDARD BOOK NUMBER
International Standard Book Number 8185952418
082 ## - DEWEY DECIMAL CLASSIFICATION NUMBER
Classification number B136x5432 R18
100 ## - MAIN ENTRY--PERSONAL NAME
Personal name Rao, Vepa
245 ## - TITLE STATEMENT
Title A curve in the hills: communication and development
Statement of responsibility, etc. by Vepa Rao
260 ## - PUBLICATION, DISTRIBUTION, ETC.
Place of publication, distribution, etc. Shimla
Name of publisher, distributor, etc. Indian Institute of Advanced Study
Date of publication, distribution, etc. 1997
300 ## - PHYSICAL DESCRIPTION
Extent 98p.
650 ## - SUBJECT ADDED ENTRY--TOPICAL TERM
Topical term or geographic name entry element Communication in rural development - Himachal Pradesh - Sirmaur.
650 ## - SUBJECT ADDED ENTRY--TOPICAL TERM
Topical term or geographic name entry element Ruarl development - Himachal Pradesh - Sirmaur
Holdings
Withdrawn status Lost status Damaged status Not for loan Permanent Location Current Location Date acquired Full call number Barcode Date last seen Price effective from Koha item type
        Indian Institute of Public Administration Indian Institute of Public Administration 1998-03-18 B136x5432 R18 72918 2018-07-21 2018-07-21 Book

Powered by Koha